000 01235nam a2200289Ia 4500
999 _c49614
_d49614
001 16546
003 GE_BSU
005 20221114145912.0
008 181216s2011||||en |||||||||||||| ||eng||
020 _a9781934032183x
040 _cGE_BSU
041 _aeng
080 _a159.9+37 C-88
245 _aCreating Emotionally Literate Classrooms :
_bAn Introduction to the RULER Approach to social end Emotional Learning /
_cEdited by: Marc A. Brackett, Janet P. Kremenitze,With Marvin Maurer, Susan E.Rivers, Nicole A.Elberston, Marilyn D.Carpenter
260 _cNew York :
_aDude Publishing/ National Professional Resources,
_b2011.
300 _a125 p.:
_c27 cm.
653 _aემოცია
653 _aპედაგოგიკა
653 _aფსიქოლოგია
700 _4Brackett, Marc A.
_eრედაქტორი
_96610
700 _4Kremenitze,, Janet P
_eრედაქტორი
_96610
700 _4Maurer, Marvin
_eრედაქტორი
_96610
700 _4Rivers, Susan E
_eრედაქტორი
_96610
700 _4Elberston, Nicole A.
_eრედაქტორი
_96610
700 _aCarpenter, Marilyn D
_eრედაქტორი
_96611
942 _cBK
_2udc